[Event "Camaguey Province-ch sf"]
[Site "Camaguey"]
[Date "2009.08.29"]
[Round "15"]
[White "Torres Delgado, Walfrido"]
[Black "Rodriguez Turino, Ladislao"]
[Result "1/2-1/2"]
[WhiteElo "2003"]
[BlackElo "2240"]
[PlyCount "69"]
[EventDate "2009.08.15"]
[EventType "tourn"]
[EventRounds "17"]
[EventCountry "CUB"]
[EventCategory "1"]
[SourceTitle "EXT 2012"]
[Source "ChessBase"]
[SourceDate "2011.11.24"]
[SourceVersion "1"]
[SourceVersionDate "2011.11.24"]
[SourceQuality "1"]

1. d4 e6 2. c4 Nf6 3. Nc3 c5 4. d5 exd5 5. cxd5 d6 6. e4 g6 7. f4 Bg7 8. Bb5+ Nfd7 9. a4 0-0 10. Nge2 Qc7 11. 0-0 c4 12. Bxd7 Qc5+ 13. Kh1 Bxd7 14. Rf3 Na6 15. Be3 Qc8 16. Bd4 Nb4 17. Bxg7 Kxg7 18. Qd4+ f6 19. Raf1 Qc7 20. b3 Rac8 21. bxc4 Bg4 22. Rg3 Bxe2 23. Nxe2 Qxc4 24. Rb1 Qxe2 25. Qxb4 b6 26. h3 Rc5 27. Re1 Qc2 28. e5 fxe5 29. fxe5 Qf2 30. Kh2 dxe5 31. Rxe5 Rf7 32. Qe4 Rc1 33. Rf3 Rxf3 34. Qxf3 Qxf3 35. gxf3 1/2-1/2